000 00650nam a2200217 i 4500
001 62160
003 ES-MaACL
005 20230906164623.0
007 t|
008 031118s1982 sp ||||1| spa d
100 1 _aFaynel, P.
_9204649
245 1 3 _aLa Iglesia /
_cP. Faynel ; [versión de Josep A. Pombo].
250 _a[2ª ed.].
260 _aBarcelona :
_bHerder,
_c1982.
300 _a2 v. ;
_c22 cm.
490 1 _aEl ministerio cristiano. Teología dogmática
700 1 _aPombo, Josep A.
_992907
830 0 _aEl ministerio cristiano. Teología dogmática
_9230629
852 _aES-MaACL
_jL-3117-8
_bR.103707
999 _c62160
_d62160